000 00594nam a2200217Ia 4500
005 20241129110247.0
008 241129s9999||||xx |||||||||||||| ||und||
020 _a978-93-83282-49-4
037 _aTB
040 _aARTS
_beng
_cARTS
041 _aeng
_2urd
084 _aO168,6N101w Q4
_qARTS
100 _aFiraqi Tehsin Au.
_9193961
245 0 _aHasan kozagar
_cFiraqi Tehsin Au.
260 _aDelhi, India
_bM R Publications
_c2016
300 _a222p.
365 _aINR
_b375
650 _aUrdu Prose
_926866
942 _cTB
_hO168,6N101w Q4
999 _c1227936
_d1227936